000 00717cam a22002533a 4500
001 22116
003 PGUSA
005 20140828083454.0
008 070722s2007||||xxu|||||s|||||000 | eng d
040 _aPGUSA
_beng
042 _adc
050 4 _aG
100 1 _aShaw, Edward R.
_q(Edward Richard),
_d1855-1903
245 1 0 _aDiscoverers and Explorers
_h[electronic resource] /
_cEdward R. Shaw
260 _bProject Gutenberg,
_c2007
506 _aPublic domain in the USA.
516 _aElectronic text
653 _aDiscoveries in geography
653 _aExplorers
653 _aReaders -- Geography
830 0 _aProject Gutenberg
_v22116
856 4 0 _uhttp://www.gutenberg.org/ebooks/22116
942 _cEB
999 _c251371
_d251371